00523nam a2200133Ia 4500008004100000100003100041245006600072260006900138300001100207650001100218856006800229999001900297952007300316160712s9999 xx 000 0 und d aDaoana, Carlomar Arcangel. cCarlomar Arcangel DaoanaaThe English Channel and Other Poems c2014bLikhaan: The Journal of Contemporary Philippine Literature avol. 8 xPOETRY uhttp://journals.upd.edu.ph/index.php/lik/issue/view/538/showToc c297209d297209 001040aCLbCLd2016-07-12l0r2016-07-12 00:00:00w2016-07-12yFEJ